Innovating at the edge : (Record no. 8955)
[ view plain ]
| 000 -LEADER | |
|---|---|
| fixed length control field | 01152cam a2200313 a 4500 |
| 001 - CONTROL NUMBER | |
| control field | 15032096 |
| 003 - CONTROL NUMBER IDENTIFIER | |
| control field | OSt |
| 005 - DATE AND TIME OF LATEST TRANSACTION | |
| control field | 20240626163119.0 |
| 008 - FIXED-LENGTH DATA ELEMENTS--GENERAL INFORMATION | |
| fixed length control field | 071003s2002 maua b 001 0 eng d |
| 010 ## - LIBRARY OF CONGRESS CONTROL NUMBER | |
| LC control number | 2007702088 |
| 015 ## - NATIONAL BIBLIOGRAPHY NUMBER | |
| National bibliography number | GBA2-Y6466 |
| 020 ## - INTERNATIONAL STANDARD BOOK NUMBER | |
| International Standard Book Number | 0750655194 |
| 020 ## - INTERNATIONAL STANDARD BOOK NUMBER | |
| International Standard Book Number | 9780750655194 |
| 035 ## - SYSTEM CONTROL NUMBER | |
| System control number | (OCoLC)ocm50904015 |
| 040 ## - CATALOGING SOURCE | |
| Original cataloging agency | OLINC |
| Transcribing agency | MUST |
| Modifying agency | OCLCQ |
| -- | UKM |
| -- | UBA |
| -- | BAKER |
| -- | NLGGC |
| -- | YDXCP |
| -- | DLC |
| 042 ## - AUTHENTICATION CODE | |
| Authentication code | lccopycat |
| 082 04 - DEWEY DECIMAL CLASSIFICATION NUMBER | |
| Classification number | 658.406 INN 2002 |
| Edition number | 21 |
| 084 ## - OTHER CLASSIFICATION NUMBER | |
| Classification number | 85.15 |
| Number source | bcl |
| 100 1# - MAIN ENTRY--PERSONAL NAME | |
| Personal name | Jones, Tim, |
| Dates associated with a name | 1966- |
| 9 (RLIN) | 3710 |
| 245 10 - TITLE STATEMENT | |
| Title | Innovating at the edge : |
| Remainder of title | how organizations evolve and embed innovation capability / |
| Statement of responsibility, etc. | Tim Jones. |
| 260 ## - PUBLICATION, DISTRIBUTION, ETC. (IMPRINT) | |
| Place of publication, distribution, etc. | Oxford ; Boston : |
| Name of publisher, distributor, etc. | Butterworth-Heinemann, |
| Date of publication, distribution, etc. | 2002. |
| 300 ## - PHYSICAL DESCRIPTION | |
| Extent | xi, 350 p. : |
| Other physical details | ill. ; |
| Dimensions | 24 cm. |
| 504 ## - BIBLIOGRAPHY, ETC. NOTE | |
| Bibliography, etc | Includes bibliographical references and index. |
| 650 #0 - SUBJECT ADDED ENTRY--TOPICAL TERM | |
| Topical term or geographic name as entry element | Creative ability in business. |
| 9 (RLIN) | 18124 |
| 856 42 - ELECTRONIC LOCATION AND ACCESS | |
| Materials specified | Publisher description |
| Uniform Resource Identifier | http://www.loc.gov/catdir/enhancements/fy0803/2007702088-d.html |
| 906 ## - LOCAL DATA ELEMENT F, LDF (RLIN) | |
| a | 7 |
| b | cbc |
| c | copycat |
| d | 2 |
| e | ncip |
| f | 20 |
| g | y-gencatlg |
| 942 ## - ADDED ENTRY ELEMENTS (KOHA) | |
| Source of classification or shelving scheme | Dewey Decimal Classification |
| Koha item type | Open Shelf |
| Withdrawn status | Lost status | Source of classification or shelving scheme | Damaged status | Not for loan | Home library | Current library | Date acquired | Source of acquisition | Inventory number | Total Checkouts | Full call number | Barcode | Date last seen | Price effective from | Koha item type |
|---|---|---|---|---|---|---|---|---|---|---|---|---|---|---|---|
| Dewey Decimal Classification | MUST Main Library | MUST Main Library | 26/06/2024 | Donation | 10/32713 | 658.406 INN 2002 | 2024-21473 | 26/06/2024 | 26/06/2024 | Open Shelf | |||||
| Dewey Decimal Classification | MUST Main Library | MUST Main Library | 26/06/2024 | Donation | 10/32713 | 658.406 INN 2002 | 2024-21474 | 26/06/2024 | 26/06/2024 | Open Shelf |
